| 000 | 01445nam a2200349 i 4500 | ||
|---|---|---|---|
| 001 | 000006369 | ||
| 003 | DO-SdBNP | ||
| 005 | 20250730151811.0 | ||
| 007 | ta | ||
| 008 | 090828s1997 dr 000 0 spa d | ||
| 040 |
_aDO-SdBNP _bspa _cBNPHU _erda |
||
| 041 | _aspa | ||
| 049 | _aBNPD | ||
| 082 | 4 |
_a394.25729356 _bB276c _222 |
|
| 245 | 0 | 0 |
_aBarrio, comparsa y carnaval santiaguero / _cJosé Millet, Rafael Brea, Manuel Ruiz Vila ; prólogo, Marcio Veloz Maggiolo. |
| 264 | 4 |
_aSanto Domingo : _bEdiciones Casa del Caribe : _bEdiciones Casa Dominicana de Identidad Caribeña, _c©1997. |
|
| 300 |
_a333 páginas : _bilustraciones ; _c19 cm. |
||
| 336 |
_atexto _btxt _2rdacontent |
||
| 337 |
_asin mediación _bn _2rdamedia |
||
| 338 |
_avolumen _bnc _2rdacarrier |
||
| 490 |
_aPublicaciones de la Universidad Autónoma de Santo Domingo _v828 |
||
| 490 |
_aCultura y Sociedad _v3 |
||
| 590 | _aInventariado, 2025/BT | ||
| 650 | 4 |
_aUsos y costumbres _953116 _zRepública Dominicana _zSantiago |
|
| 650 | 4 |
_aFiestas folclóricas _93246 _zRepública Dominicana _zSantiago |
|
| 650 | 4 |
_aCarnavales _zRepública Dominicana _982559 |
|
| 700 | 1 |
_aBrea, Rafael, _eautor _4aut. _917721 |
|
| 700 | 1 |
_aRuiz Vila, Manuel, _eautor _4aut. _917722 |
|
| 700 | 1 |
_aVeloz Maggiolo, Marcio, _d1936-2021 _eprologuista _4pr. _91104 |
|
| 830 |
_aPublicaciones de la Universidad Autónoma de Santo Domingo _n828 _pColección Cultura y Sociedad _n3 _988453 |
||
| 942 |
_2ddc _cLBS1 |
||
| 999 |
_c6164 _d6164 |
||